Statistiques concernant Harry Potter: Azkaban

Cliquez ici pour prendre le quiz!

Statistiques générales

  • Ce quiz a été pris 186 fois
  • Le résultat moyen est 13 sur 28

Statistiques - réponses

InformationRéponses% Correct
Résident (1er à s'en être échappé)Sirius Black
96%
FonctionPrison
95%
RésidenteBellatrix Lestrange
94%
GardiensDétraqueurs
93%
Dernière apparitionHarry Potter et les Reliques de la Mort
88%
Première apparitionHarry Potter et la Chambre des Secrets
87%
Résident (2e à s'en être échappé)Barty Croupton Jr
78%
Résidente (avec Polynectar)Mère de Barty Croupton Jr
78%
RésidentLucius Malefoy
68%
RésidentRodolphus Lestrange
57%
RésidentAntonin Dolohov
47%
RésidentRubeus Hagrid
47%
RésidentRabastan Lestrange
44%
RésidentStan Rocade
33%
RésidentCrabbe
31%
RésidenteDolores Ombrage
30%
RésidentPerceval Dumbledore
25%
EmplacementMer du Nord
22%
RésidentAugustus Rookwood
21%
RésidentAvery
19%
RésidentMorfin Gaunt
19%
RésidentElvis Gaunt
16%
RésidentWalden Macnair
16%
RésidentTravers
13%
RésidentXenophilius Lovegood
12%
RésidentMondingus Fletcher
9%
Date de construction15e siècle
8%
RésidentSturgis Podmore
6%

Distribution des résultats

Percentile par nombre de réponses

% des personnes avec chaque résultat

Votre développement - résultats

Vous n’avez pas pris ce quiz